000 01656cam a22004574i 4500
003 PE-LiUPU
005 20250731173314.0
008 150616s r 000 0 d
035 _a(Sirsi) a3737
040 _aPE-LiUPU
_bspa
_cPE-LiUPU
_erda
049 _aPRUA
082 0 4 _a291
_bR35
_221
100 1 _aRicci, Clemente,
_eautor.
245 1 0 _aSeminario de historia de las religiones: El origen de la religión.
264 1 _aBuenos Aires :
_bImprenta de la Universidad de Buenos Aires,
_c1939.
300 _a372 páginas :
_bilustraciones cuadros ;
_c26 cm.
336 _atext
_2rdacontent
337 _aunmediated
_2rdamedia
338 _avolume
_2rdacarrier
504 _aNotas Bibliograficas.
505 0 _aSeminario de Historia de las religiones realizado en el instituto de historia antigua y medieval de la facultad de filosofía y letras de la Universidad de Buenos Aires.
526 _aSEG42
526 _aSEG41
526 _aSEG40
526 _aSEG39
526 _aP94
526 _aP87
526 _aP86
526 _aP85
526 _aP77
526 _aP76
526 _aP35
650 0 4 _aRELIGIONES - HISTORIA - SEMINARIOS.
910 _ajck
_bjvq
_cjck
942 _2ddc
_cBOOK
949 _a291 R35
_wDEWEY
_c1
_i16528
_lCCODEBUL1
_mBUL
_p00.00
_r0
_sY
_tBOOK
_u19790426
_xTEOLOGIA
_zUNKNOWN
_0COMPRA
_o.STAFF. Colección General
994 _aC0
_bPEPRU
596 _a1
999 _a291 R35
_wDEWEY
_c45544
_i16528
_d45544
_f2021-11-11
_g5
_lCCODEBUL1
_mBUL
_q1
_r0
_sY
_tBOOK
_u2015-6-16
_xTEOLOGIA
_zUNKNOWN
_0COMPRA
_o.STAFF. Colección General
980 _81
_gALBERTO SANCHEZ Responsable de Automatización